|
|
|
|
| LEADER |
00000naa2a2200000 4500 |
| 001 |
174585 |
| 005 |
20231031164849.0 |
| 035 |
|
|
|a (RuTPU)RU\TPU\book\189316
|
| 090 |
|
|
|a 174585
|
| 100 |
|
|
|a 20100129d2009 k y0rusy50 ca
|
| 101 |
0 |
|
|a rus
|
| 102 |
|
|
|a RU
|
| 200 |
1 |
|
|a Теоретические модели движения потоков жидкости в сварочной ванне
|f А. С. Зевакин
|g науч. рук. Д. А. Чинахов
|
| 320 |
|
|
|a Библиогр.: 5 назв.
|
| 463 |
|
0 |
|0 (RuTPU)RU\TPU\book\182778
|t Прогрессивные технологии и экономика в машиностроении
|o труды XIII региональной научно-практической конференции студентов и учащейся молодежи , 9-10 апреля 2009 г., Юрга
|f Томский политехнический университет (ТПУ), Юргинский технологический институт (ЮТИ) ; Прогрессивные технологии и экономика в машиностроении ; отв. за вып. Д. А. Чинахов
|v С. 65-66
|d 2009
|p 357 с.
|
| 610 |
1 |
|
|a сварочные ванны
|
| 610 |
1 |
|
|a теоретические модели
|
| 610 |
1 |
|
|a движение
|
| 610 |
1 |
|
|a жидкость
|
| 610 |
1 |
|
|a капилярно-гидростатические модели
|
| 610 |
1 |
|
|a труды учёных ТПУ
|
| 700 |
|
1 |
|a Зевакин
|b А. С.
|
| 702 |
|
1 |
|a Чинахов
|b Д. А.
|4 727
|
| 801 |
|
1 |
|a RU
|b 63413507
|c 20100129
|
| 942 |
|
|
|c BK
|